The people of PAKISTAN (Record no. 246159)

000 -LEADER
fixed length control field 00209 a2200097 4500
001 - CONTROL NUMBER
control field 11086
090 ## - LOCALLY ASSIGNED LC-TYPE CALL NUMBER (OCLC); LOCAL CALL NUMBER (RLIN)
-- 8645
-- 8645
100 ## - MAIN ENTRY--PERSONAL NAME
Personal name Javid Iqbal
245 ## - TITLE STATEMENT
Title The people of PAKISTAN
260 ## - PUBLICATION, DISTRIBUTION, ETC.
Place of publication, distribution, etc.
Name of publisher, distributor, etc. G. Ali and Sons
Date of publication, distribution, etc.
942 ## - ADDED ENTRY ELEMENTS (KOHA)
Institution code [OBSOLETE] NUST-CAE
Koha item type
--
Holdings
Withdrawn status Lost status Damaged status Not for loan Collection code Permanent Location Current Location Date acquired Total Checkouts Barcode Date last seen Price effective from Koha item type
          College of Aeronautical Engineering (CAE) College of Aeronautical Engineering (CAE) 04/03/2017   CAE49938 04/05/2017 04/05/2017 Book
© 2023 Central Library, National University of Sciences and Technology. All Rights Reserved.